[Event "April 9 Late 2024"]
[Site "Chess.com"]
[Date "2024.04.09"]
[Round "6"]
[White "Krzesaj, Robert"]
[Black "Yevchenko, Oleksandr"]
[Result "1-0"]
[Board "130"]
[WhiteFideId "1123521"]
[BlackFideId "14108267"]
[WhiteTitle "FM"]
[BlackTitle "CM"]
[WhiteElo "2442"]
[BlackElo "2246"]
[WhiteTeam "POL"]
[BlackTeam "UKR"]
[WhiteClock "0:00:09"]
[BlackClock "0:00:00"]
[Variant "Standard"]

1. d4 {[%clk 0:02:56]}  Nf6 {[%clk 0:02:59]} 2. c4 {[%clk 0:02:56]}  e6 {[%clk 0:02:59]} 3. g3 {[%clk 0:02:56]}  d5 {[%clk 0:02:58]} 4. Bg2 {[%clk 0:02:56]}  Nbd7 {[%clk 0:02:48]} 5. Nf3 {[%clk 0:02:47]}  dxc4 {[%clk 0:02:42]} 6. Qc2 {[%clk 0:02:42]}  Bb4+ {[%clk 0:02:36]} 7. Nbd2 {[%clk 0:02:40]}  O-O {[%clk 0:02:30]} 8. O-O {[%clk 0:02:40]}  c5 {[%clk 0:02:29]} 9. Nxc4 {[%clk 0:02:35]}  Nb6 {[%clk 0:02:05]} 10. a3 {[%clk 0:02:24]}  Nxc4 {[%clk 0:01:57]} 11. axb4 {[%clk 0:02:18]}  Nd6 {[%clk 0:01:25]} 12. bxc5 {[%clk 0:02:16]}  Nb5 {[%clk 0:01:24]} 13. Rd1 {[%clk 0:02:06]}  Bd7 {[%clk 0:01:22]} 14. Ne5 {[%clk 0:02:01]}  Qc8 {[%clk 0:01:00]} 15. Qb3 {[%clk 0:01:41]}  a6 {[%clk 0:00:54]} 16. Nc4 {[%clk 0:01:41]}  Nd5 {[%clk 0:00:47]} 17. Bxd5 {[%clk 0:01:35]}  exd5 {[%clk 0:00:47]} 18. Nb6 {[%clk 0:01:36]}  Qc6 {[%clk 0:00:32]} 19. Nxa8 {[%clk 0:01:34]}  Rxa8 {[%clk 0:00:31]} 20. Bf4 {[%clk 0:01:32]}  Re8 {[%clk 0:00:28]} 21. Qf3 {[%clk 0:01:24]}  Re4 {[%clk 0:00:24]} 22. e3 {[%clk 0:01:14]}  Qg6 {[%clk 0:00:24]} 23. Qg2 {[%clk 0:01:12]}  Qh5 {[%clk 0:00:18]} 24. f3 {[%clk 0:01:10]}  Bh3 {[%clk 0:00:17]} 25. Qf2 {[%clk 0:01:07]}  Re6 {[%clk 0:00:15]} 26. g4 {[%clk 0:01:01]}  Bxg4 {[%clk 0:00:11]} 27. fxg4 {[%clk 0:01:00]}  Qxg4+ {[%clk 0:00:11]} 28. Kh1 {[%clk 0:01:00]}  Qf5 {[%clk 0:00:06]} 29. Rg1 {[%clk 0:00:58]}  Qd3 {[%clk 0:00:05]} 30. Qg2 {[%clk 0:00:50]}  g6 {[%clk 0:00:05]} 31. Qxd5 {[%clk 0:00:49]}  Qe2 {[%clk 0:00:03]} 32. Rae1 {[%clk 0:00:35]}  Qd3 {[%clk 0:00:02]} 33. Qd8+ {[%clk 0:00:14]}  Kg7 {[%clk 0:00:02]} 34. Be5+ {[%clk 0:00:14]}  f6 {[%clk 0:00:02]} 35. Qd7+ {[%clk 0:00:14]}  Kh6 {[%clk 0:00:02]} 36. Qxe6 {[%clk 0:00:13]}  Qe4+ {[%clk 0:00:02]} 37. Rg2 {[%clk 0:00:13]}  fxe5 {[%clk 0:00:02]} 38. Qg4 {[%clk 0:00:11]}  Qd3 {[%clk 0:00:02]} 39. Qh4+ {[%clk 0:00:10]}  Kg7 {[%clk 0:00:02]} 40. Qe7+ {[%clk 0:00:10]}  Kh6 {[%clk 0:00:02]} 41. Qxe5 {[%clk 0:00:10]}  Qd2 {[%clk 0:00:00]} 42. Rxd2 {[%clk 0:00:09]} 1-0

[Event "April 9 Late 2024"]
[Site "Chess.com"]
[Date "2024.04.09"]
[Round "6"]
[White "Playa, Marcelo"]
[Black "Jing, Andrew"]
[Result "1-0"]
[Board "133"]
[WhiteFideId "102202"]
[BlackFideId "30984076"]
[WhiteTitle "IM"]
[WhiteElo "2374"]
[BlackElo "2206"]
[WhiteTeam "ARG"]
[BlackTeam "USA"]
[WhiteClock "0:01:24"]
[BlackClock "0:01:57"]
[Variant "Standard"]

1. e4 {[%clk 0:03:00]}  c5 {[%clk 0:02:56]} 2. Nf3 {[%clk 0:03:00]}  e6 {[%clk 0:02:55]} 3. Nc3 {[%clk 0:02:59]}  Nc6 {[%clk 0:02:54]} 4. d4 {[%clk 0:02:59]}  cxd4 {[%clk 0:02:54]} 5. Nxd4 {[%clk 0:02:59]}  a6 {[%clk 0:02:55]} 6. Be3 {[%clk 0:02:59]}  Nf6 {[%clk 0:02:53]} 7. f3 {[%clk 0:02:58]}  Be7 {[%clk 0:02:52]} 8. Qd2 {[%clk 0:02:58]}  O-O {[%clk 0:02:50]} 9. O-O-O {[%clk 0:02:58]}  d5 {[%clk 0:02:51]} 10. exd5 {[%clk 0:02:55]}  exd5 {[%clk 0:02:52]} 11. Kb1 {[%clk 0:02:53]}  Be6 {[%clk 0:02:48]} 12. g4 {[%clk 0:02:52]}  Bb4 {[%clk 0:02:38]} 13. g5 {[%clk 0:02:30]}  Nd7 {[%clk 0:02:28]} 14. f4 {[%clk 0:02:30]}  Bg4 {[%clk 0:02:25]} 15. Be2 {[%clk 0:02:26]}  Bxe2 {[%clk 0:02:25]} 16. Ndxe2 {[%clk 0:02:24]}  Nb6 {[%clk 0:02:20]} 17. Qd3 {[%clk 0:02:20]}  Nc4 {[%clk 0:02:19]} 18. Nxd5 {[%clk 0:02:14]}  Nxe3 {[%clk 0:02:14]} 19. Qxe3 {[%clk 0:02:12]}  Qa5 {[%clk 0:02:15]} 20. Nxb4 {[%clk 0:02:07]}  Nxb4 {[%clk 0:02:14]} 21. Qb3 {[%clk 0:02:06]}  Nc6 {[%clk 0:02:12]} 22. Rd5 {[%clk 0:02:03]}  Qc7 {[%clk 0:02:07]} 23. Rhd1 {[%clk 0:02:02]}  Rad8 {[%clk 0:02:05]} 24. Rxd8 {[%clk 0:01:51]}  Rxd8 {[%clk 0:02:04]} 25. Rxd8+ {[%clk 0:01:51]}  Qxd8 {[%clk 0:02:04]} 26. Qxb7 {[%clk 0:01:47]}  Qd1+ {[%clk 0:01:52]} 27. Nc1 {[%clk 0:01:46]}  Nd8 {[%clk 0:01:53]} 28. Qxa6 {[%clk 0:01:41]}  g6 {[%clk 0:01:53]} 29. Qd3 {[%clk 0:01:40]}  Qxd3 {[%clk 0:01:51]} 30. Nxd3 {[%clk 0:01:40]}  Ne6 {[%clk 0:01:52]} 31. a4 {[%clk 0:01:39]}  Kf8 {[%clk 0:01:53]} 32. b4 {[%clk 0:01:37]}  Ke7 {[%clk 0:01:54]} 33. Kb2 {[%clk 0:01:35]}  f5 {[%clk 0:01:51]} 34. c3 {[%clk 0:01:34]}  Kd6 {[%clk 0:01:49]} 35. Kb3 {[%clk 0:01:34]}  Kd5 {[%clk 0:01:50]} 36. a5 {[%clk 0:01:32]}  Ke4 {[%clk 0:01:51]} 37. Nc5+ {[%clk 0:01:30]}  Nxc5+ {[%clk 0:01:51]} 38. bxc5 {[%clk 0:01:30]}  Kxf4 {[%clk 0:01:52]} 39. a6 {[%clk 0:01:30]}  Kg4 {[%clk 0:01:52]} 40. a7 {[%clk 0:01:30]}  f4 {[%clk 0:01:53]} 41. a8=Q {[%clk 0:01:29]}  f3 {[%clk 0:01:54]} 42. Qe4+ {[%clk 0:01:28]}  Kh5 {[%clk 0:01:54]} 43. Qxf3+ {[%clk 0:01:27]}  Kxg5 {[%clk 0:01:54]} 44. c6 {[%clk 0:01:27]}  Kh6 {[%clk 0:01:55]} 45. c7 {[%clk 0:01:27]}  g5 {[%clk 0:01:56]} 46. c8=Q {[%clk 0:01:25]}  g4 {[%clk 0:01:57]} 47. Qe6+ {[%clk 0:01:24]}  Kg5 {[%clk 0:01:57]} 48. Qfxg4# {[%clk 0:01:24]} 1-0

[Event "April 9 Late 2024"]
[Site "Chess.com"]
[Date "2024.04.09"]
[Round "6"]
[White "Palacio,Igor Da Paz"]
[Black "Valtiner, Adamo"]
[Result "0-1"]
[Board "136"]
[WhiteFideId "2121140"]
[BlackFideId "1647962"]
[BlackTitle "CM"]
[WhiteElo "2341"]
[BlackElo "2189"]
[WhiteTeam "BRA"]
[BlackTeam "AUT"]
[WhiteClock "0:00:00"]
[BlackClock "0:00:41"]
[Variant "Standard"]

1. e4 {[%clk 0:03:00]}  c5 {[%clk 0:02:59]} 2. Nc3 {[%clk 0:03:00]}  g6 {[%clk 0:02:57]} 3. g3 {[%clk 0:03:00]}  Bg7 {[%clk 0:02:58]} 4. Bg2 {[%clk 0:03:00]}  Nc6 {[%clk 0:02:59]} 5. d3 {[%clk 0:03:01]}  e6 {[%clk 0:02:58]} 6. Be3 {[%clk 0:02:59]}  d6 {[%clk 0:02:57]} 7. f4 {[%clk 0:02:58]}  Nge7 {[%clk 0:02:57]} 8. Nf3 {[%clk 0:02:57]}  O-O {[%clk 0:02:58]} 9. O-O {[%clk 0:02:53]}  b6 {[%clk 0:02:58]} 10. Re1 {[%clk 0:02:47]}  Bb7 {[%clk 0:02:59]} 11. Rb1 {[%clk 0:02:46]}  a6 {[%clk 0:02:56]} 12. d4 {[%clk 0:02:46]}  cxd4 {[%clk 0:02:55]} 13. Nxd4 {[%clk 0:02:44]}  Nxd4 {[%clk 0:02:55]} 14. Bxd4 {[%clk 0:02:44]}  Qc7 {[%clk 0:02:46]} 15. Bxg7 {[%clk 0:02:33]}  Kxg7 {[%clk 0:02:46]} 16. Qd4+ {[%clk 0:02:33]}  e5 {[%clk 0:02:37]} 17. Qd2 {[%clk 0:02:20]}  f5 {[%clk 0:02:28]} 18. Rbd1 {[%clk 0:02:13]}  Rad8 {[%clk 0:02:27]} 19. Qe3 {[%clk 0:01:49]}  Qc5 {[%clk 0:02:08]} 20. Qxc5 {[%clk 0:01:42]}  dxc5 {[%clk 0:02:07]} 21. fxe5 {[%clk 0:01:36]}  Nc6 {[%clk 0:01:51]} 22. exf5 {[%clk 0:01:32]}  Rxf5 {[%clk 0:01:28]} 23. Rxd8 {[%clk 0:01:14]}  Nxd8 {[%clk 0:01:29]} 24. Bh3 {[%clk 0:01:09]}  Rf7 {[%clk 0:01:24]} 25. Rd1 {[%clk 0:01:03]}  Nc6 {[%clk 0:01:22]} 26. e6 {[%clk 0:00:54]}  Re7 {[%clk 0:01:23]} 27. Nd5 {[%clk 0:00:52]}  Re8 {[%clk 0:01:19]} 28. Nxb6 {[%clk 0:00:52]}  Nd4 {[%clk 0:01:17]} 29. c3 {[%clk 0:00:46]}  Nf3+ {[%clk 0:01:16]} 30. Kf2 {[%clk 0:00:44]}  Kh6 {[%clk 0:01:16]} 31. Rd7 {[%clk 0:00:25]}  Bc6 {[%clk 0:01:13]} 32. Rd6 {[%clk 0:00:20]}  Be4 {[%clk 0:01:12]} 33. Bg2 {[%clk 0:00:17]}  Ng5 {[%clk 0:01:12]} 34. h4 {[%clk 0:00:13]}  Rf8+ {[%clk 0:01:02]} 35. Ke3 {[%clk 0:00:05]}  Bxg2 {[%clk 0:00:57]} 36. hxg5+ {[%clk 0:00:05]}  Kxg5 {[%clk 0:00:58]} 37. e7 {[%clk 0:00:04]}  Re8 {[%clk 0:00:57]} 38. Re6 {[%clk 0:00:04]}  Kf5 {[%clk 0:00:55]} 39. Rd6 {[%clk 0:00:02]}  Ke5 {[%clk 0:00:53]} 40. Kf2 {[%clk 0:00:03]}  Kxd6 {[%clk 0:00:52]} 41. Nc4+ {[%clk 0:00:02]}  Kd5 {[%clk 0:00:50]} 42. Ne3+ {[%clk 0:00:02]}  Ke4 {[%clk 0:00:50]} 43. Nxg2 {[%clk 0:00:02]}  Rxe7 {[%clk 0:00:50]} 44. Nf4 {[%clk 0:00:03]}  Rf7 {[%clk 0:00:51]} 45. Kg2 {[%clk 0:00:02]}  c4 {[%clk 0:00:48]} 46. Ne6 {[%clk 0:00:01]}  Kd3 {[%clk 0:00:44]} 47. Ng5 {[%clk 0:00:00]}  Re7 {[%clk 0:00:41]} 0-1

[Event "April 9 Late 2024"]
[Site "Chess.com"]
[Date "2024.04.09"]
[Round "6"]
[White "Dias, Simao Poscidonio"]
[Black "Sena, Juan"]
[Result "1-0"]
[Board "137"]
[WhiteFideId "2103648"]
[BlackFideId "6400272"]
[WhiteTitle "FM"]
[WhiteElo "2321"]
[BlackElo "2176"]
[WhiteTeam "BRA"]
[BlackTeam "DOM"]
[WhiteClock "0:00:14"]
[BlackClock "0:00:16"]
[Variant "Standard"]

1. e4 {[%clk 0:02:59]}  e6 {[%clk 0:02:59]} 2. d4 {[%clk 0:02:59]}  d5 {[%clk 0:02:59]} 3. e5 {[%clk 0:02:58]}  c5 {[%clk 0:02:59]} 4. c3 {[%clk 0:02:58]}  Qb6 {[%clk 0:02:58]} 5. Nf3 {[%clk 0:02:58]}  Nc6 {[%clk 0:02:57]} 6. Bd3 {[%clk 0:02:58]}  cxd4 {[%clk 0:02:55]} 7. cxd4 {[%clk 0:02:58]}  Bd7 {[%clk 0:02:54]} 8. Be2 {[%clk 0:02:54]}  Nh6 {[%clk 0:02:53]} 9. Bxh6 {[%clk 0:02:51]}  gxh6 {[%clk 0:02:53]} 10. O-O {[%clk 0:02:52]}  Bg7 {[%clk 0:02:51]} 11. Nc3 {[%clk 0:02:50]}  O-O {[%clk 0:02:50]} 12. Qd2 {[%clk 0:02:47]}  f6 {[%clk 0:02:48]} 13. exf6 {[%clk 0:02:38]}  Rxf6 {[%clk 0:02:47]} 14. Rae1 {[%clk 0:02:36]}  Raf8 {[%clk 0:02:46]} 15. h3 {[%clk 0:02:34]}  Rxf3 {[%clk 0:02:45]} 16. Bxf3 {[%clk 0:02:34]}  Nxd4 {[%clk 0:02:44]} 17. Bd1 {[%clk 0:02:20]}  Rf6 {[%clk 0:02:25]} 18. Kh1 {[%clk 0:02:17]}  Rg6 {[%clk 0:02:19]} 19. Bc2 {[%clk 0:02:11]}  Nxc2 {[%clk 0:02:13]} 20. Qxc2 {[%clk 0:02:11]}  Bc6 {[%clk 0:02:11]} 21. Ne2 {[%clk 0:02:05]}  Qxb2 {[%clk 0:02:09]} 22. Qxb2 {[%clk 0:02:04]}  Bxb2 {[%clk 0:02:10]} 23. Nf4 {[%clk 0:02:03]}  Rf6 {[%clk 0:02:01]} 24. Nxe6 {[%clk 0:02:03]}  d4 {[%clk 0:01:58]} 25. Nd8 {[%clk 0:01:55]}  Bb5 {[%clk 0:01:57]} 26. Rg1 {[%clk 0:01:45]}  Rxf2 {[%clk 0:01:55]} 27. Nxb7 {[%clk 0:01:43]}  d3 {[%clk 0:01:52]} 28. Nc5 {[%clk 0:01:15]}  d2 {[%clk 0:01:48]} 29. Rb1 {[%clk 0:01:14]}  Rf5 {[%clk 0:01:11]} 30. Rxb2 {[%clk 0:01:01]}  Rxc5 {[%clk 0:01:10]} 31. Rxd2 {[%clk 0:01:02]}  Bc6 {[%clk 0:01:09]} 32. Rf1 {[%clk 0:00:59]}  Rc3 {[%clk 0:01:07]} 33. Rf6 {[%clk 0:00:58]}  Rxh3+ {[%clk 0:01:05]} 34. Kg1 {[%clk 0:00:58]}  Rc3 {[%clk 0:01:05]} 35. Rxh6 {[%clk 0:00:56]}  Kg7 {[%clk 0:01:01]} 36. Re6 {[%clk 0:00:55]}  Kf7 {[%clk 0:00:55]} 37. Re1 {[%clk 0:00:49]}  h5 {[%clk 0:00:51]} 38. Rf2+ {[%clk 0:00:49]}  Kg7 {[%clk 0:00:48]} 39. Re7+ {[%clk 0:00:50]}  Kg6 {[%clk 0:00:47]} 40. Rxa7 {[%clk 0:00:50]}  Kg5 {[%clk 0:00:45]} 41. Rc7 {[%clk 0:00:40]}  h4 {[%clk 0:00:43]} 42. Rf8 {[%clk 0:00:19]}  Rc1+ {[%clk 0:00:31]} 43. Kh2 {[%clk 0:00:19]}  Rc2 {[%clk 0:00:32]} 44. Rg7+ {[%clk 0:00:18]}  Kh6 {[%clk 0:00:31]} 45. Rg4 {[%clk 0:00:16]}  Kh5 {[%clk 0:00:26]} 46. Rg7 {[%clk 0:00:15]}  Kh6 {[%clk 0:00:25]} 47. Rg4 {[%clk 0:00:14]}  Kh5 {[%clk 0:00:25]} 48. Rfg8 {[%clk 0:00:14]}  Rxa2 {[%clk 0:00:22]} 49. R8g5+ {[%clk 0:00:14]}  Kh6 {[%clk 0:00:20]} 50. Rg6+ {[%clk 0:00:14]}  Kh7 {[%clk 0:00:16]} 51. Rxc6 {[%clk 0:00:14]} 1-0

[Event "April 9 Late 2024"]
[Site "Chess.com"]
[Date "2024.04.09"]
[Round "6"]
[White "Harish, Neeraj"]
[Black "Antunes, Luciano Justi"]
[Result "1-0"]
[Board "139"]
[WhiteFideId "30958130"]
[BlackFideId "2126893"]
[WhiteTitle "CM"]
[WhiteElo "2315"]
[BlackElo "2142"]
[WhiteTeam "USA"]
[BlackTeam "BRA"]
[WhiteClock "0:00:02"]
[BlackClock "0:00:00"]
[Variant "Standard"]

1. e4 {[%clk 0:03:00]}  c5 {[%clk 0:02:57]} 2. Nf3 {[%clk 0:03:00]}  Nc6 {[%clk 0:02:56]} 3. d4 {[%clk 0:03:01]}  cxd4 {[%clk 0:02:56]} 4. Nxd4 {[%clk 0:03:01]}  Nf6 {[%clk 0:02:57]} 5. Nc3 {[%clk 0:03:01]}  e5 {[%clk 0:02:56]} 6. Ndb5 {[%clk 0:03:02]}  d6 {[%clk 0:02:56]} 7. Bg5 {[%clk 0:03:01]}  a6 {[%clk 0:02:56]} 8. Na3 {[%clk 0:03:02]}  b5 {[%clk 0:02:56]} 9. Nd5 {[%clk 0:03:02]}  Qa5+ {[%clk 0:02:56]} 10. Bd2 {[%clk 0:02:29]}  Qd8 {[%clk 0:02:54]} 11. Bd3 {[%clk 0:02:16]}  Nxd5 {[%clk 0:02:40]} 12. exd5 {[%clk 0:02:14]}  Ne7 {[%clk 0:02:34]} 13. c4 {[%clk 0:02:13]}  bxc4 {[%clk 0:02:18]} 14. Nxc4 {[%clk 0:02:12]}  Nf5 {[%clk 0:02:07]} 15. O-O {[%clk 0:02:10]}  Be7 {[%clk 0:02:02]} 16. Ba5 {[%clk 0:02:01]}  Qd7 {[%clk 0:01:52]} 17. Nb6 {[%clk 0:01:54]}  Qb7 {[%clk 0:01:52]} 18. Qa4+ {[%clk 0:01:37]}  Kf8 {[%clk 0:01:49]} 19. Nxa8 {[%clk 0:01:32]}  Qxa8 {[%clk 0:01:46]} 20. Rac1 {[%clk 0:01:32]}  g6 {[%clk 0:01:39]} 21. Rc4 {[%clk 0:00:48]}  Kg7 {[%clk 0:01:30]} 22. Be4 {[%clk 0:00:39]}  Nd4 {[%clk 0:01:25]} 23. Bc3 {[%clk 0:00:37]}  Ne2+ {[%clk 0:01:02]} 24. Kh1 {[%clk 0:00:37]}  f5 {[%clk 0:00:55]} 25. Bf3 {[%clk 0:00:37]}  Nxc3 {[%clk 0:00:51]} 26. Rxc3 {[%clk 0:00:38]}  e4 {[%clk 0:00:48]} 27. Be2 {[%clk 0:00:38]}  Qxd5 {[%clk 0:00:44]} 28. Rc7 {[%clk 0:00:35]}  Kf6 {[%clk 0:00:37]} 29. Qc2 {[%clk 0:00:24]}  Be6 {[%clk 0:00:23]} 30. Bc4 {[%clk 0:00:19]}  Qe5 {[%clk 0:00:21]} 31. Bxe6 {[%clk 0:00:18]}  Kxe6 {[%clk 0:00:18]} 32. Qc4+ {[%clk 0:00:17]}  d5 {[%clk 0:00:17]} 33. Qc6+ {[%clk 0:00:17]}  Bd6 {[%clk 0:00:17]} 34. Qd7+ {[%clk 0:00:17]}  Kf6 {[%clk 0:00:16]} 35. Qg7+ {[%clk 0:00:17]}  Kg5 {[%clk 0:00:15]} 36. h4+ {[%clk 0:00:12]}  Kh5 {[%clk 0:00:13]} 37. Qxe5 {[%clk 0:00:10]}  Bxe5 {[%clk 0:00:11]} 38. Rc6 {[%clk 0:00:10]}  Bxb2 {[%clk 0:00:06]} 39. Rxa6 {[%clk 0:00:10]}  d4 {[%clk 0:00:07]} 40. Rd1 {[%clk 0:00:10]}  d3 {[%clk 0:00:07]} 41. Kg1 {[%clk 0:00:09]}  Rc8 {[%clk 0:00:07]} 42. Kf1 {[%clk 0:00:10]}  Bc1 {[%clk 0:00:06]} 43. g3 {[%clk 0:00:08]}  Rc2 {[%clk 0:00:04]} 44. Ra7 {[%clk 0:00:07]}  h6 {[%clk 0:00:03]} 45. a4 {[%clk 0:00:07]}  g5 {[%clk 0:00:03]} 46. hxg5 {[%clk 0:00:07]}  hxg5 {[%clk 0:00:03]} 47. Rf7 {[%clk 0:00:07]}  Kg4 {[%clk 0:00:03]} 48. a5 {[%clk 0:00:06]}  d2 {[%clk 0:00:02]} 49. Ke2 {[%clk 0:00:06]}  Ra2 {[%clk 0:00:01]} 50. Ra7 {[%clk 0:00:01]}  f4 {[%clk 0:00:00]} 51. a6 {[%clk 0:00:02]} 1-0

[Event "April 9 Late 2024"]
[Site "Chess.com"]
[Date "2024.04.09"]
[Round "6"]
[White "Winkels, Marcel"]
[Black "Rose, Felix"]
[Result "1-0"]
[Board "142"]
[WhiteFideId "1003887"]
[BlackFideId "5105722"]
[WhiteTitle "CM"]
[BlackTitle "CM"]
[WhiteElo "2046"]
[BlackElo "2296"]
[WhiteTeam "NED"]
[BlackTeam "MEX"]
[WhiteClock "0:01:13"]
[BlackClock "0:00:01"]
[Variant "Standard"]

1. e4 {[%clk 0:02:59]}  c5 {[%clk 0:01:27]} 2. Nf3 {[%clk 0:02:56]}  d6 {[%clk 0:01:26]} 3. d4 {[%clk 0:02:55]}  cxd4 {[%clk 0:01:27]} 4. Nxd4 {[%clk 0:02:55]}  Nf6 {[%clk 0:01:27]} 5. Nc3 {[%clk 0:02:56]}  a6 {[%clk 0:01:27]} 6. Be3 {[%clk 0:02:53]}  e5 {[%clk 0:01:26]} 7. Nb3 {[%clk 0:02:52]}  Be7 {[%clk 0:01:24]} 8. f3 {[%clk 0:02:51]}  Be6 {[%clk 0:01:24]} 9. Qd2 {[%clk 0:02:50]}  h5 {[%clk 0:01:24]} 10. O-O-O {[%clk 0:02:49]}  Nbd7 {[%clk 0:01:23]} 11. g3 {[%clk 0:02:49]}  Qc7 {[%clk 0:01:16]} 12. Kb1 {[%clk 0:02:48]}  b5 {[%clk 0:01:11]} 13. Nd5 {[%clk 0:02:34]}  Nxd5 {[%clk 0:00:59]} 14. exd5 {[%clk 0:02:33]}  Bf5 {[%clk 0:00:59]} 15. Bd3 {[%clk 0:02:32]}  Bxd3 {[%clk 0:00:51]} 16. Qxd3 {[%clk 0:02:31]}  g6 {[%clk 0:00:41]} 17. h3 {[%clk 0:02:22]}  Rb8 {[%clk 0:00:26]} 18. g4 {[%clk 0:02:17]}  h4 {[%clk 0:00:25]} 19. f4 {[%clk 0:02:12]}  O-O {[%clk 0:00:19]} 20. f5 {[%clk 0:02:08]}  g5 {[%clk 0:00:17]} 21. Nd2 {[%clk 0:01:57]}  f6 {[%clk 0:00:15]} 22. Ne4 {[%clk 0:01:55]}  Rfc8 {[%clk 0:00:15]} 23. Qd2 {[%clk 0:01:55]}  Qc4 {[%clk 0:00:15]} 24. Nxg5 {[%clk 0:01:48]}  fxg5 {[%clk 0:00:12]} 25. Bxg5 {[%clk 0:01:48]}  Bxg5 {[%clk 0:00:08]} 26. Qxg5+ {[%clk 0:01:47]}  Kf8 {[%clk 0:00:08]} 27. Qh6+ {[%clk 0:01:41]}  Ke8 {[%clk 0:00:09]} 28. f6 {[%clk 0:01:15]}  Qxc2+ {[%clk 0:00:09]} 29. Ka1 {[%clk 0:01:14]}  Kf7 {[%clk 0:00:01]} 30. Qg7+ {[%clk 0:01:13]} 1-0

[Event "April 9 Late 2024"]
[Site "Chess.com"]
[Date "2024.04.09"]
[Round "6"]
[White "Bence Papp"]
[Black "Saim, Mohamed Ilias"]
[Result "1-0"]
[Board "143"]
[WhiteFideId "788384"]
[BlackFideId "7900465"]
[WhiteTitle "FM"]
[BlackTitle "FM"]
[WhiteElo "2295"]
[BlackElo "2034"]
[WhiteTeam "HUN"]
[BlackTeam "ALG"]
[WhiteClock "0:00:22"]
[BlackClock "0:00:00"]
[Variant "Standard"]

1. e4 {[%clk 0:02:59]}  c5 {[%clk 0:02:59]} 2. Nf3 {[%clk 0:02:59]}  a6 {[%clk 0:03:00]} 3. c4 {[%clk 0:02:59]}  Nc6 {[%clk 0:03:00]} 4. Nc3 {[%clk 0:02:58]}  e5 {[%clk 0:02:59]} 5. Be2 {[%clk 0:02:40]}  g6 {[%clk 0:02:56]} 6. O-O {[%clk 0:02:38]}  Bg7 {[%clk 0:02:49]} 7. d3 {[%clk 0:02:37]}  Nge7 {[%clk 0:02:48]} 8. Nh4 {[%clk 0:02:29]}  O-O {[%clk 0:02:32]} 9. f4 {[%clk 0:02:25]}  f5 {[%clk 0:02:27]} 10. fxe5 {[%clk 0:02:20]}  fxe4 {[%clk 0:02:04]} 11. Bg5 {[%clk 0:01:59]}  Qc7 {[%clk 0:01:44]} 12. Rxf8+ {[%clk 0:01:34]}  Bxf8 {[%clk 0:01:42]} 13. Nxe4 {[%clk 0:01:19]}  Qxe5 {[%clk 0:01:37]} 14. Bf6 {[%clk 0:01:17]}  Qf4 {[%clk 0:01:28]} 15. g3 {[%clk 0:01:02]}  Qe3+ {[%clk 0:01:25]} 16. Kh1 {[%clk 0:01:02]}  Bg7 {[%clk 0:01:22]} 17. Ng2 {[%clk 0:01:02]}  Qh6 {[%clk 0:01:06]} 18. Qf1 {[%clk 0:01:02]}  d6 {[%clk 0:00:48]} 19. Bg5 {[%clk 0:00:56]}  Qh3 {[%clk 0:00:46]} 20. Nxd6 {[%clk 0:00:53]}  Bf5 {[%clk 0:00:33]} 21. Qf3 {[%clk 0:00:35]}  Rf8 {[%clk 0:00:16]} 22. Qe3 {[%clk 0:00:29]}  Nc8 {[%clk 0:00:09]} 23. Nxc8 {[%clk 0:00:25]}  Rxc8 {[%clk 0:00:09]} 24. Nf4 {[%clk 0:00:25]}  Bd4 {[%clk 0:00:02]} 25. Qd2 {[%clk 0:00:22]}  Qh6 {[%clk 0:00:00]} 26. Bxh6 {[%clk 0:00:22]} 1-0